| 000 | 00854nam a2200253 a 4500 | ||
|---|---|---|---|
| 001 | 25673 | ||
| 003 | CO-ViMGA | ||
| 008 | 141112s2004 ck r 000 u spa d | ||
| 020 | _a9789586652322 | ||
| 040 |
_aCO-ViMGA _bspa _cCO-ViMGA |
||
| 041 | _aSPA | ||
| 082 | 0 | 4 | _aCo860.9 P35b |
| 100 | 1 |
_aPineda Buitrago, Sebastián, 1982 - _939482 |
|
| 245 | 1 | 0 |
_aBreve historia de la narrativa colombiana : _bsiglos XVI - XX / _cSebastián Pineda Buitrago |
| 250 | _a1a ed. | ||
| 260 |
_aBogotá : _bSiglo del Hombre, _c2013 |
||
| 300 | _a381 p. | ||
| 490 | _aEspacios | ||
| 500 | _aIncluye bibliografía e índice | ||
| 650 | 1 | 4 |
_aAUTORES COLOMBIANOS - CRITICA E INTERPRETACION _921595 |
| 650 | 1 | 4 |
_aCRITICA LITERARIA - COLOMBIA - SIGLOS XVI - XX _939483 |
| 650 | 1 | 4 |
_aLITERATURA COLOMBIANA - HISTORIA CRITICA - SIGLOS XVI - XX _939484 |
| 942 |
_2ddc _cBK |
||
| 999 |
_c5241 _d5241 |
||